000 00716nam a2200241Ia 4500
999 _c41054
_d41054
001 7703
003 GE_BSU
005 20220921122211.0
008 181216s2004en xx |||||||||||||| ||eng||
020 _a9780582776999
040 _cGE_BSU
041 _aeng
080 _a811.111(075) N-52
100 _aNewbrook, Jasky
_93174
245 _aNew first certificate. Coursebook :
_bGold /
_cJasky Newbrook, Judith Wilson , Richard Acklam.
264 _aEngland :
_bLongman.
_c2006.
300 _a224 p;
_b28 cm ;
_cCD.
653 _aNew first certificate. Coursebook
653 _aინგლისური ენა
700 _aWilson, Judith
_93175
700 _aAcklam, Richard
_93176
942 _cBK
_2udc